| 000 | 00708nam a22002177a 4500 | ||
|---|---|---|---|
| 003 | UA-OsUOA | ||
| 001 | 104820 | ||
| 007 | ta | ||
| 008 | 20140129b un ||||| |||| 00| 0 ukr d | ||
| 100 | _aКлюєва О. | ||
| 090 |
_a81 _bК52 |
||
| 942 | _cSA | ||
| 040 |
_aUA-OsUOA _bukr _cUA-OsUOA _dUA-OsUOA |
||
| 245 | _aМетод проектів на уроках української мови та літератури | ||
| 300 | _aС. 6-9 | ||
| 955 | _a0 | ||
| 041 | _aukr | ||
| 080 | _a81 | ||
| 773 | 0 |
_w104819 _tУкраїнська мова та література _dК. _d2013 _g24 |
|
| 650 | 7 |
_a8 Мовознавство. Художня література. Літературознавство _2UDC |
|
| 999 |
_c391108 _d391108 |
||